[Event "Final Mistrzostw Polski Mlodzikow do lat 10 - Chlopcy"]
[Site "Szczyrk"]
[Date "1899-12-30"]
[Round "5.9"]
[White "Witczak, Borys"]
[Black "Klim, Juliusz"]
[Result "0-1"]
[WhiteTitle "II"]
[BlackTitle "II"]
[WhiteElo "1159"]
[BlackElo "1276"]

1. e4 e5 2. Nf3 Nc6 3. Bc4 Bc5 4. O-O Nf6 5. d3 d6 6. c3 a6 7. Bb3 Ba7 8. Nbd2
h6 9. Re1 g5 10. Nc4 g4 11. Nfd2 h5 12. Ne3 h4 13. Ndf1 Bd7 14. Bd5 Rg8 15. Qb3
Nxd5 16. exd5 Ne7 17. Qc4 Bb5 18. Qe4 Qd7 19. Nd1 f5 20. Qe2 a5 21. c4 Ba6 22.
Be3 Bxe3 23. fxe3 O-O-O 24. a3 a4 25. Nc3 g3 26. h3 Rde8 27. e4 fxe4 28. Nxe4
Ref8 29. Nfd2 Ng6 30. Nf3 Nf4 31. Qe3 Qe7 32. Nc3 Qf6 33. Rf1 Qf5 34. Qe4 Qxe4
35. dxe4 Bxc4 36. Rfd1 Nxh3+ 37. gxh3 Rxf3 38. Nxa4 g2 39. Rd2 Rf1+ 40. Rxf1 gxf1=Q+
41. Kh2 Qg1# 0-1

[Event "Final Mistrzostw Polski Mlodzikow do lat 10 - Chlopcy"]
[Site "Szczyrk"]
[Date "1899-12-30"]
[Round "5.10"]
[White "Balis, Sebastian"]
[Black "Kisiel, Dominik"]
[Result "1-0"]
[WhiteTitle "II"]
[BlackTitle "II"]
[WhiteElo "1275"]
[BlackElo "1114"]

1. e4 c5 2. Nf3 d6 3. d4 cxd4 4. Nxd4 Nf6 5. Nc3 g6 6. f4 Bg7 7. e5 dxe5 8. fxe5
Nd5 9. Bb5+ Kf8 10. O-O Bxe5 11. Bh6+ Bg7 12. Qf3 Nf6 13. Rad1 Qb6 14. Nd5 Qd6
15. Nxf6 Qxf6 16. Qb3 Bxh6 17. Rxf6 exf6 18. Rf1 Kg7 19. Qf3 f5 20. Qc3 Nd7 21.
Nxf5+ Kf8 22. Qxh8# 1-0

[Event "Final Mistrzostw Polski Mlodzikow do lat 10 - Chlopcy"]
[Site "Szczyrk"]
[Date "1899-12-30"]
[Round "5.11"]
[White "Ziobrowski, Wojciech"]
[Black "Kozak, Karol"]
[Result "0-1"]
[WhiteTitle "II"]
[BlackTitle "II"]
[WhiteElo "1048"]
[BlackElo "1271"]

1. e4 c5 2. Nf3 d6 3. d4 cxd4 4. Nxd4 Nf6 5. Nc3 a6 6. Bg5 Nbd7 7. f4 e6 8. Qf3
Be7 9. O-O-O Qc7 10. g4 O-O 11. Bh4 b5 12. Bxf6 Bxf6 13. Bxb5 axb5 14. Ndxb5 Qb8
15. Qd3 d5 16. e5 Be7 17. Nd4 Bb7 18. h4 Rc8 19. g5 Rc4 20. h5 Nf8 21. g6 f6 22.
gxh7+ Kh8 23. Qg3 Qe8 24. h6 g6 25. f5 exf5 26. Rhg1 Kxh7 27. Nxf5 fxe5 28. Ng7
Qf7 29. Rdf1 Rf4 30. Re1 Bh4 31. Qh3 Bxe1 32. Rxe1 Rf3 0-1

[Event "Final Mistrzostw Polski Mlodzikow do lat 10 - Chlopcy"]
[Site "Szczyrk"]
[Date "1899-12-30"]
[Round "5.14"]
[White "Oglaza, Dawid"]
[Black "Oles, Mateusz"]
[Result "1-0"]
[WhiteTitle "II"]
[BlackTitle "III"]
[WhiteElo "1320"]
[BlackElo "1103"]

1. e4 c5 2. Nf3 Nc6 3. d4 cxd4 4. Nxd4 g6 5. Nc3 Bg7 6. Nb3 Nf6 7. g4 d6 8. g5
Nd7 9. h4 Nb6 10. h5 O-O 11. Qf3 Ne5 12. Qg3 Bh8 13. f4 Nc6 14. Qh4 Bxc3+ 15.
bxc3 Kg7 16. hxg6 Rh8 17. Qh6+ Kg8 18. gxh7+ Rxh7 19. Qxh7+ Kf8 20. Qh8# 1-0

[Event "Final Mistrzostw Polski Mlodzikow do lat 10 - Chlopcy"]
[Site "Szczyrk"]
[Date "1899-12-30"]
[Round "5.15"]
[White "Jagodzinski, Jaromir"]
[Black "Adamala, Tomasz"]
[Result "1-0"]
[WhiteTitle "II"]
[BlackTitle "II"]
[WhiteElo "1292"]
[BlackElo "1049"]

1. e4 e5 2. Nf3 Nc6 3. d4 exd4 4. Bc4 Bc5 5. O-O Nf6 6. e5 d5 7. exf6 dxc4 8. fxg7
Rg8 9. Re1+ Ne7 10. Bg5 Rxg7 11. Bxe7 Bxe7 12. Qxd4 Qxd4 13. Nxd4 c5 14. Nb5 Kd7
15. N1c3 f5 16. Rad1+ Kc6 17. a4 b6 18. Nd5 Bg5 19. Re8 a6 20. Nd6 Bb7 21. Rxa8
Bxa8 22. Nxc4 b5 23. axb5+ Kxb5 24. Nd6+ Kc6 25. Nxf5 Rb7 26. b3 a5 27. Kf1 Rf7
28. Nfe3 Bb7 29. Nc4 Ba6 30. Ndb6 Re7 31. Rd6+ Kb7 32. Nd5 Re8 33. Rxa6 Kc6 34.
Ra7 1-0

[Event "Final Mistrzostw Polski Mlodzikow do lat 10 - Chlopcy"]
[Site "Szczyrk"]
[Date "1899-12-30"]
[Round "5.16"]
[White "Obrycki, Tomasz"]
[Black "Kopaczewski, Mateusz"]
[Result "0-1"]
[WhiteTitle "II"]
[BlackTitle "II"]
[WhiteElo "1223"]
[BlackElo "1086"]

1. e4 e5 2. Nf3 Nc6 3. Bc4 Bc5 4. c3 Nf6 5. d3 d6 6. Bb3 O-O 7. Nbd2 Be6 8. Bc2
Bb6 9. Nf1 Nd7 10. Bg5 Qe8 11. Ng3 h6 12. Bd2 f5 13. O-O f4 14. Nh1 Bg4 15. Bb3+
Kh8 16. h3 Bh5 17. Kh2 Nc5 18. Bc2 Ne6 19. Qe2 Ng5 20. h4 Bxf3 21. gxf3 Qh5 22.
Ng3 Qxh4+ 23. Kg2 Qh3+ 24. Kg1 Qxg3+ 25. Kh1 Qh3+ 26. Kg1 Nxf3+ 27. Qd1 0-1

[Event "Final Mistrzostw Polski Mlodzikow do lat 10 - Chlopcy"]
[Site "Szczyrk"]
[Date "1899-12-30"]
[Round "5.17"]
[White "Prokopiuk, Jakub"]
[Black "Kostrzewski, Dawid"]
[Result "1-0"]
[WhiteTitle "II"]
[BlackTitle "III"]
[WhiteElo "1188"]
[BlackElo "1032"]

1. d4 e6 2. Bf4 Nf6 3. e3 Be7 4. c3 O-O 5. Nd2 Nc6 6. Bd3 b6 7. Ngf3 Bb7 8. Qc2
Rc8 9. Bg5 h6 10. Bxf6 Bxf6 11. h4 Re8 12. O-O-O Qe7 13. g4 Nd8 14. Rdg1 g6 15.
g5 Bh8 16. gxh6 Kf8 17. h5 Qf6 18. Be4 d5 19. Bd3 Ke7 20. hxg6 fxg6 21. Rxg6 Qf8
22. h7 Qf7 23. Rhg1 Nc6 24. Kb1 Kd7 25. R6g4 Rcd8 26. Bg6 Qe7 27. Bxe8+ Rxe8 28.
Rg8 Bf6 29. Rxe8 Qxe8 30. Qg6 Qe7 31. Qg8 Ba6 32. h8=Q Bxh8 33. Qxh8 Qd6 34. Rg7+
Qe7 35. Rxe7+ Nxe7 36. Ne5+ Kd6 37. Qd8# 1-0

[Event "Final Mistrzostw Polski Mlodzikow do lat 10 - Chlopcy"]
[Site "Szczyrk"]
[Date "1899-12-30"]
[Round "5.20"]
[White "Tim, Wojciech"]
[Black "Hartlinski, Tomasz"]
[Result "1-0"]
[WhiteTitle "II"]
[BlackTitle "II"]
[WhiteElo "1004"]
[BlackElo "1155"]

1. e4 c5 2. f4 e6 3. Nc3 d5 4. Bb5+ Bd7 5. Qe2 d4 6. Bxd7+ Qxd7 7. Nd1 Nf6 8. d3
Nc6 9. Nf3 Be7 10. Nf2 O-O 11. O-O h6 12. Kh1 Ne8 13. Bd2 Nc7 14. Rg1 Na6 15.
a3 Nc7 16. g4 f5 17. g5 fxe4 18. Qxe4 Qd5 19. gxh6 Bf6 20. hxg7 Bxg7 21. Rg3 Qf5
22. Rag1 Ne8 23. Nh4 Qxe4+ 24. Nxe4 Kh7 25. Ng5+ Kg8 26. Nxe6 Rf7 27. Nxg7 Rxg7
28. Rxg7+ Nxg7 29. Nf5 Rf8 30. Nxg7 Kh8 31. Ne6 Rg8 32. Rxg8+ Kxg8 33. Nxc5 b6
34. Ne4 Ne7 35. Nd6 Nc6 36. Nb5 a6 37. Nc7 Nb8 38. Kg2 Kf7 39. Nd5 Nd7 40. Nb4
Nb8 41. Kf3 Ke6 42. Ke4 a5 43. Nd5 Nd7 44. h4 Nf8 45. Nxb6 Kf6 46. Kxd4 Ng6 47.
h5 Nh8 48. Bxa5 Ke6 49. c4 Kd6 50. c5+ Kc7 51. Kd5 Kb8 52. c6 Ka7 53. c7 Kb7 54.
c8=Q+ Ka7 55. Qa8# 1-0

[Event "Final Mistrzostw Polski Mlodzikow do lat 10 - Chlopcy"]
[Site "Szczyrk"]
[Date "1899-12-30"]
[Round "5.21"]
[White "Bieronski, Nikodem"]
[Black "Przybys, Bruno"]
[Result "1-0"]
[WhiteTitle "II"]
[BlackTitle "III"]
[WhiteElo "1126"]
[BlackElo "1021"]

1. e4 Nf6 2. e5 Nd5 3. c4 Nb6 4. d4 d6 5. exd6 exd6 6. Nf3 Nc6 7. Be2 Be7 8. O-O
O-O 9. Be3 f5 10. d5 Ne5 11. Nxe5 dxe5 12. Nc3 f4 13. Bc1 Bc5 14. b3 Bd4 15. Bb2
Bxc3 16. Bxc3 Qg5 17. Bf3 Bf5 18. Bxe5 c6 19. dxc6 Rad8 20. Qc1 bxc6 21. Bxf4
Qg6 22. Bg3 Be4 23. Bxe4 Qxe4 24. Re1 Qg6 25. Qa3 Rd7 26. Qc5 Rfd8 27. Qe3 Qf6
28. Qe6+ Qxe6 29. Rxe6 Rd1+ 30. Re1 R1d2 31. h3 Rc2 32. Re7 Rd7 33. Re6 c5 34.
Rc6 Rdd2 35. Rxc5 Rxa2 36. Re1 Nd7 37. Rc7 a6 38. Rc8+ Kf7 39. Rce8 Rd1 40. Rxd1
Kxe8 41. Re1+ Kd8 42. Bh4+ Nf6 43. Bxf6+ gxf6 44. Re6 f5 45. Rf6 Ra1+ 46. Kh2
Ra5 47. Kg3 Ke7 48. Rh6 Ra3 49. Rxh7+ Kf8 50. Rb7 a5 51. f3 Ra2 52. Rb5 a4 53.
bxa4 Rxa4 54. Rxf5+ Kg7 55. c5 Rc4 56. f4 Rc2 57. Rg5+ Kh6 58. Kf3 Rc3+ 59. Ke2
Rc4 60. g3 Kh7 61. Kd3 Rc1 62. Kd4 Rd1+ 63. Kc4 Rc1+ 64. Kb5 Rb1+ 65. Kc6 Rc1
66. Kc7 Rc3 67. c6 Rc4 68. Kb7 Rb4+ 69. Kc8 Rc4 70. c7 Rc3 71. Kb7 Rb3+ 72. Kc6
Rc3+ 73. Rc5 Rxg3 74. c8=Q Rg6+ 75. Kc7 Rg7+ 76. Qd7 Rxd7+ 77. Kxd7 Kg6 78. Rg5+
Kh6 79. Ke7 Kh7 80. Kf7 Kh6 81. h4 Kh7 82. Rh5# 1-0

[Event "Final Mistrzostw Polski Mlodzikow do lat 10 - Chlopcy"]
[Site "Szczyrk"]
[Date "1899-12-30"]
[Round "5.23"]
[White "Kawa, Wojciech"]
[Black "Uhryn, Lukasz"]
[Result "1-0"]
[WhiteTitle "III"]
[BlackTitle "II"]
[WhiteElo "1101"]
[BlackElo "1413"]

1. e4 c5 2. Nf3 Nc6 3. d4 cxd4 4. Nxd4 Nf6 5. Nc3 d6 6. Be3 e5 7. Ndb5 a6 8. Na3
b5 9. Nd5 Rb8 10. Nxf6+ Qxf6 11. Nb1 Bb7 12. Nc3 Qg6 13. Qf3 Be7 14. Bd3 O-O 15.
O-O Bg5 16. Rad1 Bxe3 17. Qxe3 Nd4 18. Ne2 Ne6 19. c3 Nc5 20. Ng3 h5 21. Nf5 Rfe8
22. Rfe1 Nxd3 23. Rxd3 d5 24. f3 dxe4 25. fxe4 Rbd8 26. Rxd8 f6 27. Ne7+ Kf7 28.
Nxg6 Rxd8 29. Nh4 g5 30. Nf5 h4 31. Qb6 Rd7 32. Nd6+ Kg6 33. Nxb7 b4 34. cxb4
a5 35. bxa5 h3 36. gxh3 g4 37. hxg4 Kg5 38. Qe3+ Kh4 39. Qh6+ Kxg4 40. Kg2 f5
41. Qh3+ Kg5 42. Qxf5+ Kh4 43. Qxd7 Kh5 44. Qg7 Kh4 45. Re3 Kh5 46. Rh3# 1-0

[Event "Final Mistrzostw Polski Mlodzikow do lat 10 - Chlopcy"]
[Site "Szczyrk"]
[Date "1899-12-30"]
[Round "5.24"]
[White "Komendecki, Grzegorz"]
[Black "Niesyt, Michal"]
[Result "0-1"]
[WhiteTitle "II"]
[BlackTitle "II+"]
[WhiteElo "1113"]
[BlackElo "1319"]

1. e4 c5 2. Nc3 g6 3. f4 Bg7 4. Nf3 e6 5. Bc4 Ne7 6. a3 O-O 7. O-O Nbc6 8. d3 d5
9. exd5 exd5 10. Ba2 Nd4 11. Nxd4 Bxd4+ 12. Kh1 b6 13. Bd2 Bb7 14. Qg4 Nf5 15.
Rae1 Qd7 16. Bb3 b5 17. a4 a6 18. a5 Rfe8 19. Ra1 Qd6 20. Qf3 Rad8 21. Nd1 Re7
22. c3 Bg7 23. Qf2 Rde8 24. Re1 Rxe1+ 25. Bxe1 Qxf4 26. Bd2 Qxf2 27. Nxf2 Re2
28. Be1 Rxb2 29. Bd1 d4 30. Ne4 Bxe4 31. dxe4 Ne3 32. cxd4 Bxd4 33. Bf3 Nc2 34.
Rc1 Nxe1 35. Rxe1 Ra2 36. e5 Bc3 37. Rf1 Rxa5 38. Bd5 Ra1 39. Bxf7+ Kf8 40. Bc4+
Rxf1+ 41. Bxf1 Ke7 42. Be2 Bxe5 43. Kg1 Kd6 44. g3 c4 45. Kf2 Kc5 46. Ke1 a5 47.
Kd2 b4 48. Kc2 b3+ 49. Kb1 Kb4 50. Bf3 a4 51. Be4 a3 52. Bc2 a2+ 0-1

[Event "Final Mistrzostw Polski Mlodzikow do lat 10 - Chlopcy"]
[Site "Szczyrk"]
[Date "1899-12-30"]
[Round "5.25"]
[White "Klask, Franciszek"]
[Black "Pycinski, Wladyslaw"]
[Result "1/2-1/2"]
[WhiteTitle "II"]
[BlackTitle "II"]
[WhiteElo "1061"]
[BlackElo "1194"]

1. d4 d5 2. Nf3 c6 3. Bg5 Qb6 4. b3 Bg4 5. e3 e6 6. Nbd2 Nd7 7. Bd3 Be7 8. Bxe7
Nxe7 9. O-O O-O 10. h3 Bxf3 11. Nxf3 Ng6 12. c4 Nf6 13. Qc2 Rac8 14. Rac1 Qd8
15. Qb1 Qe7 16. Rc3 c5 17. Rfc1 cxd4 18. Nxd4 dxc4 19. Bxc4 Ne5 20. Qc2 Nc6 21.
Nxc6 Rxc6 22. Be2 Rxc3 23. Qxc3 Nd5 24. Qc5 Qxc5 25. Rxc5 g6 26. Bf3 Rd8 27. Rc1
b6 28. Rd1 Rd7 29. Bxd5 Rxd5 30. Rxd5 exd5 31. Kf1 Kf8 32. Ke2 Ke7 33. Kd3 Kd6
34. Kd4 g5 35. f4 1/2-1/2

[Event "Final Mistrzostw Polski Mlodzikow do lat 10 - Chlopcy"]
[Site "Szczyrk"]
[Date "1899-12-30"]
[Round "5.26"]
[White "Wesolowski, Jeremi"]
[Black "Majcher, Igor"]
[Result "0-1"]
[WhiteTitle "II"]
[BlackTitle "II"]
[WhiteElo "1142"]
[BlackElo "1129"]

1. e4 c5 2. Nc3 d6 3. d4 cxd4 4. Qxd4 e5 5. Qd2 a6 6. Nf3 Nf6 7. Bc4 Be7 8. b3
O-O 9. Bb2 Nc6 10. O-O-O Qc7 11. h3 b5 12. Bd5 Rb8 13. Bxc6 Qxc6 14. Nd5 Nxd5
15. Qxd5 Qxd5 16. Rxd5 Bb7 17. Rd2 Bxe4 18. Re2 Bxf3 19. gxf3 f6 20. Rg1 Rfc8
21. f4 Rc5 22. Rge1 Bf8 23. fxe5 dxe5 24. f4 exf4 25. Rf1 Rf5 26. Re6 a5 27. Rg1
Kf7 28. Ra6 f3 29. Rxa5 f2 30. Rf1 Re8 31. Ra7+ Kg6 32. Rd7 Bc5 33. Bc3 Re3 34.
Rd3 Rxd3 35. cxd3 Rf3 36. Kc2 b4 37. Bb2 Kf5 38. Kd2 Kf4 39. Ke2 Kg3 40. d4 Bd6
41. h4 Kg2 42. Bc1 Bf4 43. d5 Bxc1 44. Rxc1 f1=Q+ 45. Rxf1 Rxf1 46. d6 Rf5 47.
h5 Rd5 48. h6 g5 49. d7 Rxd7 50. a4 bxa3 51. Ke3 a2 52. Kd3 Kf3+ 53. Kc4 Kf4 0-1

[Event "Final Mistrzostw Polski Mlodzikow do lat 10 - Chlopcy"]
[Site "Szczyrk"]
[Date "1899-12-30"]
[Round "5.27"]
[White "Michalik, Stanislaw"]
[Black "Krawczyk, Eryk"]
[Result "0-1"]
[WhiteTitle "II"]
[BlackTitle "III"]
[WhiteElo "1226"]
[BlackElo "1020"]

1. d4 d5 2. c4 e6 3. Nc3 c5 4. e3 Nc6 5. Nf3 Nf6 6. Bd3 b6 7. O-O Bb7 8. Re1 Be7
9. Qa4 O-O 10. dxc5 bxc5 11. Rd1 Qc7 12. Bd2 Ne5 13. Be2 Bc6 14. Nb5 Nxf3+ 15.
Bxf3 Qb7 16. Qb3 Bxb5 17. a4 Bc6 18. Qxb7 Bxb7 19. b3 Rab8 20. cxd5 Bxd5 21. Bxd5
Nxd5 22. Rab1 Nb4 23. Bxb4 cxb4 24. Rd7 Bc5 25. Rc7 Rbc8 26. Rb7 Rfe8 27. h3 Re7
28. Rb5 a6 29. Ra5 Rec7 30. Rxa6 Rc6 31. Rxc6 Rxc6 32. a5 Kf8 33. Rc1 Ke7 34.
a6 Kd6 35. e4 Bxf2+ 0-1

[Event "Final Mistrzostw Polski Mlodzikow do lat 10 - Chlopcy"]
[Site "Szczyrk"]
[Date "1899-12-30"]
[Round "5.28"]
[White "Lewek, Jakub"]
[Black "Mioduszewski, Szymon"]
[Result "1/2-1/2"]
[WhiteTitle "II"]
[BlackTitle "III"]
[WhiteElo "1155"]
[BlackElo "1100"]

1. f4 e6 2. d4 Nf6 3. e3 Ne4 4. Nf3 Be7 5. g3 b6 6. Bg2 Bb7 7. O-O O-O 8. Qd3 Nd6
9. b3 Nc6 10. a3 Re8 11. c4 Ba6 12. Qc2 Bf6 13. Nc3 Rb8 14. Re1 Bb7 15. Bb2 Nf5
16. d5 Na5 17. Bf1 Nd6 18. e4 e5 19. fxe5 Bxe5 20. Nxe5 Rxe5 21. Nb5 Re8 22. Nxd6
cxd6 23. b4 Nxc4 24. Bxc4 Rc8 25. Qd3 b5 26. Bxb5 a6 27. Bxa6 Qb6+ 28. Bd4 Qxa6
29. Qxa6 Bxa6 30. Rac1 Rxc1 31. Rxc1 Rxe4 32. b5 Bb7 33. Bf2 h6 34. Rc7 Bxd5 35.
Rxd7 Rc4 36. Ba7 Rc1+ 37. Kf2 Rc2+ 38. Ke1 Ra2 39. b6 Rb2 40. Rxd6 Bg2 41. Rd2
Rxd2 42. Kxd2 Kf8 43. Kc3 Ke7 44. Kb4 Kd7 45. a4 Kc6 46. a5 Kb7 47. Kc5 Bf1 48.
Kd6 g6 49. Ke7 Bc4 50. Kf6 h5 51. h4 Ba2 1/2-1/2

[Event "Final Mistrzostw Polski Mlodzikow do lat 10 - Chlopcy"]
[Site "Szczyrk"]
[Date "1899-12-30"]
[Round "5.29"]
[White "Mielcuch, Karol"]
[Black "Boryna, Szymon"]
[Result "1-0"]
[WhiteTitle "II"]
[BlackTitle "II"]
[WhiteElo "1143"]
[BlackElo "1008"]

1. c4 d5 2. g3 Nf6 3. cxd5 Nxd5 4. Bg2 Nc6 5. d4 g6 6. Nc3 Nxc3 7. bxc3 Bg7 8.
Nf3 O-O 9. O-O Bf5 10. Re1 e6 11. h3 Be4 12. Ba3 Re8 13. Qd2 Bxf3 14. Bxf3 e5
15. d5 Na5 16. Bb4 Nc4 17. Qc2 Nd6 18. e4 a6 19. c4 h6 20. c5 Nb5 21. Bg2 Rc8
22. c6 b6 23. Rad1 a5 24. Bc3 Qd6 25. a4 Nxc3 26. Qxc3 Re7 27. h4 Rce8 28. Rd2
f5 29. Rde2 Bf6 30. Qf3 fxe4 31. Qxe4 Bg7 32. Bf3 Rf8 33. h5 g5 34. Re3 Ref7 35.
Rf1 Kh8 36. Bd1 Qb4 37. Qd3 Qd4 38. Qe2 Re7 39. Re4 Qxd5 40. Bc2 Qxc6 41. Qd3
Rd7 42. Rd4 e4 43. Qxe4 Qxe4 44. Rxe4 Rd2 45. Bb1 Bd4 46. Re7 Bxf2+ 47. Kh1 Rd6
48. Rh7+ Kg8 49. Rc1 Bc5 50. Rxc7 Rdf6 51. Ba2+ Kh8 52. Bc4 Rf3 53. Rd1 Rxg3 54.
Rdd7 Rg1+ 55. Kh2 Rf2+ 56. Kxg1 Rf7+ 57. Kh1 1-0

[Event "Final Mistrzostw Polski Mlodzikow do lat 10 - Chlopcy"]
[Site "Szczyrk"]
[Date "1899-12-30"]
[Round "6.1"]
[White "Sowinski, Pawel"]
[Black "Lecki, Leonard"]
[Result "1-0"]
[WhiteTitle "I++"]
[BlackTitle "II"]
[WhiteElo "1824"]
[BlackElo "1373"]

1. e4 c5 2. Nf3 g6 3. d4 cxd4 4. Qxd4 Nf6 5. Nc3 Bg7 6. e5 Nc6 7. Qa4 Ng8 8. Bf4
Qb6 9. Bb5 a6 10. O-O Nh6 11. Nd5 Qa7 12. Nc7+ Kf8 13. Bxc6 bxc6 14. Nxa8 Qxa8
15. Rad1 Bb7 1-0

[Event "Final Mistrzostw Polski Mlodzikow do lat 10 - Chlopcy"]
[Site "Szczyrk"]
[Date "1899-12-30"]
[Round "6.2"]
[White "Karaszewski, Gabriel"]
[Black "Wojtacha, Krzysztof"]
[Result "1-0"]
[WhiteTitle "II"]
[BlackTitle "I"]
[WhiteElo "1614"]
[BlackElo "1524"]

1. e4 c5 2. Nf3 e6 3. d4 cxd4 4. Nxd4 a6 5. c4 Nf6 6. Nc3 Bb4 7. Qd3 Qc7 8. a3
Bxc3+ 9. Qxc3 d6 10. f3 e5 11. Nc2 Be6 12. Be2 Nbd7 13. Be3 O-O 14. Rc1 Rac8 15.
Nb4 Qb8 16. Qd2 Nc5 17. Rc3 Ncxe4 18. fxe4 Nxe4 19. Qd3 Nxc3 20. Qxc3 d5 21. Bf2
dxc4 22. Bg3 f6 23. O-O Qc7 24. Rc1 Qf7 25. Rf1 Qg6 26. Qe3 Qe8 27. Qb6 Qe7 28.
Bf3 Qc5+ 29. Bf2 Qxb6 30. Bxb6 Rf7 31. Rd1 f5 32. Rd6 Re7 33. Nd5 Bxd5 34. Bxd5+
Kf8 35. Be6 Rb8 36. Bxf5 Kf7 37. Bxh7 Re6 38. Rxe6 Kxe6 39. Be4 Rf8 40. g3 Kd7
41. Bc5 Rb8 42. Bb6 Rf8 43. a4 Rf6 44. Bc5 Kc7 45. a5 Kc8 46. Be7 Rf7 47. Bd6
Kd8 48. Kg2 Rd7 49. Bb4 Kc7 50. Kf3 Rf7+ 51. Ke2 Rd7 52. Bc5 Kb8 53. h4 Kc7 54.
Bb6+ Kd6 55. Bf5 Rf7 56. g4 Ke7 57. Ke3 Kd6 58. h5 Rf6 59. Ke4 Rh6 60. Bg6 Rh8
61. Be3 Ke6 62. Bc5 Kf6 63. Bd6 Kg5 64. Bf5 Kh6 65. Bxe5 Re8 66. Kd5 Rd8+ 67.
Ke6 c3 68. Bf4+ g5 69. hxg6+ Kg7 70. bxc3 Re8+ 71. Kd7 Re2 72. g5 b6 73. axb6
Rb2 74. Be5+ Kf8 75. g7+ Kf7 76. g6+ Kg8 77. Be6# 1-0

[Event "Final Mistrzostw Polski Mlodzikow do lat 10 - Chlopcy"]
[Site "Szczyrk"]
[Date "1899-12-30"]
[Round "6.3"]
[White "Ochedzan, Filip"]
[Black "Butkiewicz, Jan"]
[Result "1/2-1/2"]
[WhiteTitle "II"]
[BlackTitle "II"]
[WhiteElo "1596"]
[BlackElo "1203"]

1. e4 c5 2. Nf3 Nc6 3. d4 cxd4 4. Nxd4 Nf6 5. Nc3 d6 6. Be2 e5 7. Nb3 Be6 8. Bg5
Be7 9. O-O h6 10. Be3 d5 11. exd5 Nxd5 12. Nxd5 Qxd5 13. Qxd5 Bxd5 14. c4 Be6
15. Nc5 Bxc5 16. Bxc5 O-O-O 17. Rad1 Rxd1 18. Rxd1 Rd8 19. Rxd8+ Kxd8 20. Bf8
Nd4 21. Bd3 Bf5 22. Bxf5 Nxf5 23. g4 Ke8 24. Bc5 Nh4 25. Bxa7 Nf3+ 26. Kg2 Ne1+
27. Kg3 Nd3 28. Bb8 f6 29. b3 Nc1 30. h4 Nxa2 31. g5 h5 32. gxf6 gxf6 33. f4 Nc1
34. fxe5 fxe5 35. Bxe5 Nxb3 36. Bc3 Nc1 37. Kf3 Ke7 38. Ke4 Ke6 39. Bb2 Nb3 40.
Bc3 Nc5+ 41. Kf4 Na4 42. Bd4 Kf7 43. Kf5 b6 44. Kg5 Ke6 45. Kxh5 Kf5 46. Bg1 Nb2
47. Kh6 Nxc4 48. Bd4 Nd6 49. h5 Nf7+ 50. Kg7 Kg5 51. Kxf7 Kxh5 52. Bxb6 1/2-1/2

[Event "Final Mistrzostw Polski Mlodzikow do lat 10 - Chlopcy"]
[Site "Szczyrk"]
[Date "1899-12-30"]
[Round "6.4"]
[White "Grobelny, Mikolaj"]
[Black "Suska, Szymon"]
[Result "1/2-1/2"]
[WhiteTitle "II+"]
[BlackTitle "II+"]
[WhiteElo "1477"]
[BlackElo "1416"]

1. e4 c5 2. Nf3 e6 3. d4 cxd4 4. Nxd4 a6 5. c4 Nf6 6. Nc3 Qc7 7. f3 d6 8. Be3 Be7
9. Qd2 Nbd7 10. Be2 b6 11. O-O Bb7 12. Rac1 O-O 13. Rfd1 Rac8 14. a3 Rfd8 15.
h3 Qb8 16. b4 Bf8 17. Kh1 Nh5 18. Bf2 d5 19. cxd5 exd5 20. Nxd5 Rxc1 21. Qxc1
Bxd5 22. exd5 Qe5 23. Nc6 Qxe2 24. Rd2 Qe8 25. Nxd8 Qxd8 26. d6 Qg5 27. Qe1 Qf6
28. Qe8 Qf4 29. Be3 Qg3 30. Bg1 Qf4 31. Be3 1/2-1/2

[Event "Final Mistrzostw Polski Mlodzikow do lat 10 - Chlopcy"]
[Site "Szczyrk"]
[Date "1899-12-30"]
[Round "6.5"]
[White "Kozak, Karol"]
[Black "Zmarzly, Wiktor"]
[Result "0-1"]
[WhiteTitle "II"]
[BlackTitle "II"]
[WhiteElo "1271"]
[BlackElo "1388"]

1. e4 c5 2. Nf3 e6 3. d4 cxd4 4. Nxd4 a6 5. Bd3 Nc6 6. Nb3 Nf6 7. O-O b5 8. a4
Bb7 9. Bg5 bxa4 10. Rxa4 Be7 11. Be3 d6 12. N1d2 Ne5 13. Na5 Qc7 14. Nxb7 Qxb7
15. Qa1 Nxd3 16. cxd3 O-O 17. Bg5 Qb5 18. Bxf6 Bxf6 19. d4 Rfb8 20. b3 Bg5 21.
f4 Bf6 22. e5 dxe5 23. dxe5 Be7 24. Rd1 Bc5+ 25. Kh1 Rd8 26. Re4 Rd3 27. Qc1 Rad8
28. Rc4 Be3 29. Rc8 Qd7 30. Rc7 Qe8 31. Rc2 Bxf4 32. Rf1 Rxd2 33. Rxf4 Rd1+ 34.
Rf1 Rxc1 35. Rfxc1 Qd7 36. h3 g6 37. Rf2 Qd5 38. Rc7 Rf8 0-1

[Event "Final Mistrzostw Polski Mlodzikow do lat 10 - Chlopcy"]
[Site "Szczyrk"]
[Date "1899-12-30"]
[Round "6.6"]
[White "Dunda, Szymon"]
[Black "Kaszuba, Michal"]
[Result "0-1"]
[WhiteTitle "II"]
[BlackTitle "II"]
[WhiteElo "1137"]
[BlackElo "1370"]

1. e4 Nf6 2. e5 Nd5 3. c4 Nb6 4. d4 d6 5. Nf3 dxe5 6. Nxe5 Nc6 7. Nxc6 bxc6 8.
Nc3 Bf5 9. Be3 e6 10. Be2 Bb4 11. O-O Bxc3 12. bxc3 O-O 13. f4 Rb8 14. Rf3 Bg4
15. Rg3 Bxe2 16. Qxe2 f5 17. Rh3 Nd7 18. Bf2 Re8 19. Qf3 c5 20. dxc5 Nf6 21. Bd4
Rb2 22. c6 a6 23. Qg3 Rd2 24. Qe3 Ne4 25. Qf3 g6 26. Be5 Qa8 27. Rxh7 Qa7+ 28.
Kh1 Nf2+ 29. Kg1 Ng4+ 30. Kh1 Kxh7 31. Qh3+ Nh6 32. Bf6 Red8 33. Bxd8 Rxd8 34.
Qh4 Rg8 35. Qe7+ Rg7 36. Qxe6 Qf2 37. Qe5 Qb2 38. Rd1 Ng4 39. Qe1 Qf2 40. Qe6
Qxf4 0-1

[Event "Final Mistrzostw Polski Mlodzikow do lat 10 - Chlopcy"]
[Site "Szczyrk"]
[Date "1899-12-30"]
[Round "6.7"]
[White "Klim, Juliusz"]
[Black "Kudraszow, Filip"]
[Result "1-0"]
[WhiteTitle "II"]
[BlackTitle "II"]
[WhiteElo "1276"]
[BlackElo "1184"]

1. e4 c5 2. Nf3 Nc6 3. d4 cxd4 4. Nxd4 g6 5. c4 Bg7 6. Be3 Nf6 7. Nc3 Ng4 8. Qxg4
Nxd4 9. Qd1 Ne6 10. Qd2 Qa5 11. Be2 b6 12. O-O Bb7 13. Rfd1 d6 14. Nd5 Qxd2 15.
Rxd2 Bxd5 16. cxd5 Nc5 17. Bb5+ Kf8 18. f3 Bf6 19. Rc1 Kg7 20. b4 Nb7 21. Ba6
Nd8 22. a4 h6 23. Rc7 g5 24. b5 Kf8 25. a5 bxa5 26. Bxa7 Be5 27. b6 f6 28. b7
Nxb7 29. Rxb7 Kf7 30. Bb5 Rhc8 31. Bc6 Bc3 32. Rd3 Bb4 33. Kf1 Bc5 34. Bxc5 dxc5
35. Rc3 a4 36. Rxc5 a3 37. Rc1 Ra4 38. Ra1 Ra5 39. Rb3 h5 40. Raxa3 Rxa3 41. Rxa3
h4 42. Ke2 Rb8 43. Ra2 Rb1 44. g3 Rg1 45. Kf2 Rh1 46. Kg2 Rc1 47. gxh4 gxh4 48.
Kh3 Rb1 49. Kxh4 Rb8 50. Kg4 Rg8+ 51. Kf4 Rh8 52. e5 Rh4+ 53. Kg3 Rb4 54. e6+
Kf8 55. Ra8+ Kg7 56. d6 Kg6 57. dxe7 Kf5 58. e8=Q Ke5 59. Ra5+ Kd4 60. Qh5 Kc3
61. Qc5+ Kb3 62. Qc1 Rg4+ 63. fxg4 f5 64. Ra3+ Kb4 65. Qc3# 1-0

[Event "Final Mistrzostw Polski Mlodzikow do lat 10 - Chlopcy"]
[Site "Szczyrk"]
[Date "1899-12-30"]
[Round "6.9"]
[White "Chomicki, Kornel"]
[Black "Zielen, Stanislaw"]
[Result "1/2-1/2"]
[WhiteTitle "II"]
[BlackTitle "II"]
[WhiteElo "1320"]
[BlackElo "1075"]

1. e4 c5 2. Nc3 Nc6 3. d3 g6 4. g3 Bg7 5. Bg2 e6 6. Be3 d6 7. f4 Nge7 8. Nf3 Bd7
9. Qd2 f5 10. O-O Rc8 11. Rfe1 Nd4 12. Bf2 O-O 13. h3 Bc6 14. Kh1 Nxf3 15. Bxf3
e5 16. Bg2 exf4 17. gxf4 fxe4 18. dxe4 Qd7 19. Bg3 Rcd8 20. Rab1 a5 21. Nd5 a4
22. c3 Bxd5 23. exd5 Nf5 24. Bh2 Rde8 25. Qf2 Bf6 26. Bg3 Qd8 27. Rxe8 Rxe8 28.
Re1 Rxe1+ 29. Qxe1 Nxg3+ 30. Qxg3 Qd7 31. Qe3 Qe7 32. Qxe7 Bxe7 33. Be4 Kf7 34.
Kg2 b5 35. Bd3 b4 36. cxb4 cxb4 37. Bb5 1/2-1/2

[Event "Final Mistrzostw Polski Mlodzikow do lat 10 - Chlopcy"]
[Site "Szczyrk"]
[Date "1899-12-30"]
[Round "6.10"]
[White "Bieronski, Nikodem"]
[Black "Oglaza, Dawid"]
[Result "1/2-1/2"]
[WhiteTitle "II"]
[BlackTitle "II"]
[WhiteElo "1126"]
[BlackElo "1320"]

1. e4 c5 2. d4 cxd4 3. c3 dxc3 4. Nxc3 Nc6 5. Bc4 d6 6. Nf3 a6 7. Be3 Nf6 8. Qb3
e6 9. Bb6 Qe7 10. O-O-O Nd7 11. Be3 Qd8 12. Bf4 Be7 13. Qc2 e5 14. Be3 O-O 15.
Nd5 Na5 16. Be2 b5 17. b4 Nc4 18. Bxc4 bxc4 19. Qxc4 Bb7 20. Kb2 Bxd5 21. Qxd5
Nf6 22. Qc4 Qe8 23. Rhg1 Qa4 24. g4 Rac8 25. Qb3 Qxb3+ 26. Kxb3 Nxe4 27. Rc1 Nf6
28. g5 Nd5 29. Bd2 f5 30. gxf6 Bxf6 31. Rxc8 Rxc8 32. h4 Kf8 33. Ng5 h6 34. Nh7+
Kf7 35. Nxf6 Kxf6 36. h5 Kf7 37. Rd1 Nf6 38. Be3 Rc6 39. Rh1 d5 40. f4 e4 41.
Rh4 Ke6 42. Bc5 Kf5 43. Kc3 Ke6 44. Kd4 1/2-1/2